000 00388nam a2200133Ia 4500
008 151001s9999||||xx |||||||||||||| ||und||
100 _aमधुसूदन घाणेकर
245 _aशनीचे परिणाम
250 _a1
260 _bजगतराम एंड कंपनी दिल्ली
260 _c2010
300 _a32
365 _b18
999 _c997776
_d997773